So this is where you work! : a guide to unconventional working environments (Record no. 10656)
[ view plain ]
| 000 -LEADER | |
|---|---|
| fixed length control field | 00329nam a2200121 4500 |
| 003 - CONTROL NUMBER IDENTIFIER | |
| control field | OSt |
| 005 - DATE AND TIME OF LATEST TRANSACTION | |
| control field | 20220509164121.0 |
| 008 - FIXED-LENGTH DATA ELEMENTS--GENERAL INFORMATION | |
| fixed length control field | 220509b ||||| |||| 00| 0 eng d |
| 082 ## - DEWEY DECIMAL CLASSIFICATION NUMBER | |
| Classification number | 725 |
| 100 ## - MAIN ENTRY--PERSONAL NAME | |
| Personal name | Fracchia, Charles A., 1937- |
| 245 ## - TITLE STATEMENT | |
| Title | So this is where you work! : a guide to unconventional working environments |
| 942 ## - ADDED ENTRY ELEMENTS (KOHA) | |
| Source of classification or shelving scheme | |
| Withdrawn status | Lost status | Source of classification or shelving scheme | Damaged status | Koha normalized classification for sorting | Not for loan | Permanent location | Current location | Date acquired | Full call number | Barcode | Date last seen | Price effective from | Non-public note | Koha item type | Public note |
|---|---|---|---|---|---|---|---|---|---|---|---|---|---|---|---|
| 725_000000000000000 | BMS College of Architecture, Design and Planning | BMS College of Architecture, Design and Planning | 2022-05-09 | 725 | AR-DB335 | 2022-05-09 | 2022-05-09 | Donated by Raja Subramanyam, Architect and Engineer , VV Puram, Benagaluru | Donated Book | Donated by Raja Subramanyam, Architect and Engineer , VV Puram, Bengaluru |